Українська діаспора (розселення українців у зарубіжних країнах) (Запис № 353597)

МАРК-запис
000 -Лідер
fixed length control field 00834nam a22002537a 4500
001 - Контрольний номер
control field 67483
003 - Ідентифікатор контрольного номера
control field UA-OsUOA
005 - Дата та час останнього входження (трансакції)
control field 20260310174236.0
007 - Фіксоване поле фізичного опису
fixed length control field ta
008 - Елементи даних фіксованої довжини – загальна інформація
fixed length control field 20100224b un ||||| |||| 00| 0 ukr d
040 ## - Джерело каталогізації
Агенція оригінальної каталогізації UA-OsUOA
Мова каталогізації ukr
Агенція, яка здійснювала перезапис UA-OsUOA
Агенція, яка здійснювала модифікацію UA-OsUOA
041 ## - Код мови
Код мови тексту/ звукової доріжки чи окремого заголовка (П) ukr
080 ## - Індекс Універсальної десяткової класифікації
Індекс Універсальної десяткової класифікації (УДК) (НП) 94(477).152
090 ## - Локальний шифр розміщення
Класифікаційний індекс УДК 94(477).152
Авторський знак (НП) З-36
100 ## - Основне введення – ім’я особи
Ім’я особи (НП) Заставний Ф. Д.
9 (RLIN) 18655
245 ## - Відомості про назву
Назва (НП) Українська діаспора (розселення українців у зарубіжних країнах)
Дані про відповідальність (НП) Федір Дмитрович Заставний
260 ## - Публікація, розповсюдження і т.п. (Вихідні дані)
Місце публікації, розповсюдження і т.п. (П) Львів
Ім’я/ наймення видавництва, розповсюджувача і т.п. (П) Світ
Дата публікації, розповсюдження і т.п. (П) 1991
300 ## - Фізичний опис
Обсяг 120 с.
490 ## - Область серії
Назва серії Народознавчі студії
650 #7 - Додаткове предметне введення – тематичний термін
Тематичний термін чи географічна назва, як елемент введення (НП) 94(477) Історія України
Джерело заголовка чи терміна UDC
9 (RLIN) 19
942 ## - Додаткові елементи входу (Коха)
Тип елемента Koha Книги
Source of classification or shelving scheme Universal Decimal Classification
955 ## - Код типу видання за змістом
Код типу видання за змістом (НП) Наукові видання
Фонди
Стан вилучень Стан втрат Джерело класифікації або схеми стелажів Стан уражень Не для кредиту Постійне місце розташування Поточне розміщення Дата придбання Джерело придбання Вартість, звичайна ціна покупки Інвентарний номер Усього замовленно Повний номер виклику Штрих-код Дата останнього перегляду Ціна ефективна від Тип елемента Koha Вартість, ціна заміни
    Universal Decimal Classification     АБ - Абонемент НБ АБ - Абонемент НБ 24/02/2010 12/2010 5.00 126699   94(477)152 З-36 126699 27/01/2022 24/02/2010 Книги  
    Universal Decimal Classification     АБ - Абонемент НБ АБ - Абонемент НБ 28/09/2016 35/2016 5.00 152043   94(477)152 З-36 152043 27/01/2022 24/02/2010 Книги  
    Universal Decimal Classification     АБ - Абонемент НБ АБ - Абонемент НБ 08/11/2012     17070   94(477)152 З-36 17070 23/03/2022 24/02/2010 Книги  
    Universal Decimal Classification     АБ - Абонемент НБ АБ - Абонемент НБ 09/04/2013 20/2013 2.00 142100   94(477).15 З-36 142100 27/01/2022 09/04/2013 Книги  
    Universal Decimal Classification     Наукова бібліотека ІДУД Наукова бібліотека ІДУД 24/01/2025 №1/16.01.2025 (ІДУД) 1.00 300009   94(477).152 З-36 300009 24/01/2025 24/01/2025 Книги 1.00
    Universal Decimal Classification     ЧЗ - Читальна зала ЧЗ - Читальна зала 11/07/2017 29/2017 5.00 153996   94(477)152 З-36 153996 07/02/2022 24/02/2010 Книги